书目信息 |
| 题名: |
中文版3ds Max室内效果图设计经典案例
|
|
| 作者: | 卓文 主编 ;一线科技 主编 | |
| 分册: | ||
| 出版信息: | 上海 上海科学普及出版社 2016.04 |
|
| 页数: | 317页 | |
| 开本: | 26cm | |
| 丛书名: | 设计师实践应用丛书 | |
| 单 册: | ||
| 中图分类: | TU238.2-39 , TP391.41 | |
| 科图分类: | ||
| 主题词: | 三维--室内装饰设计--计算机辅助设计 , 计算机应用 | |
| 电子资源: | ||
| ISBN: | 978-7-5427-5886-6 | |
| 000 | 01119nam0 2200289 450 | |
| 001 | 1065 | |
| 005 | 20161008084103.95 | |
| 010 | @a978-7-5427-5886-6@b平装@dCNY65.00 | |
| 100 | @a20140218d2016 em y0chiy50 ea | |
| 101 | 0 | @achi |
| 102 | @aCN@b310000 | |
| 105 | @aa z 000yy | |
| 200 | 1 | @a中文版3ds Max室内效果图设计经典案例@9zhong wen ban 3ds Max shi nei xiao guo tu she ji jing dian an li@f一线科技,卓文主编 |
| 210 | @a上海@c上海科学普及出版社@d2016.04 | |
| 215 | @a317页@c图@d26cm@e1光盘 | |
| 225 | 1 | @a设计师实践应用丛书 |
| 300 | @a光盘1张 | |
| 307 | @a附光盘:ISBN 978-7-89418-013-1 | |
| 330 | @a本书全面讲解了3ds Max 2013在室内效果图制作中的应用,包括小客厅效果设计、餐厅效果设计、卧室效果设计、书房效果设计、中式客厅效果设计、厨房效果设计、卫生间效果设计、别墅大厅效果图设计和会议室效果设计。 | |
| 606 | 0 | @a三维@x室内装饰设计@x计算机辅助设计 |
| 606 | 0 | @a计算机应用 |
| 690 | @aTU238.2-39@v5 | |
| 690 | @aTP391.41@v4 | |
| 701 | 0 | @a卓文@9zhuo wen@c(图书出版)@4主编 |
| 711 | 02 | @a一线科技@9yi xian ke ji@4主编 |
| 801 | 0 | @aCN@b唐山师范学院图书馆@c20160830 |
| 905 | @aZUCC@dTU238.2-39@e853 | |
| 中文版3ds Max室内效果图设计经典案例/一线科技,卓文主编.-上海:上海科学普及出版社,2016.04 |
| 317页:图;26cm+1光盘.-(设计师实践应用丛书) |
| 光盘1张 |
| ISBN 978-7-5427-5886-6(平装):CNY65.00 |
| 本书全面讲解了3ds Max 2013在室内效果图制作中的应用,包括小客厅效果设计、餐厅效果设计、卧室效果设计、书房效果设计、中式客厅效果设计、厨房效果设计、卫生间效果设计、别墅大厅效果图设计和会议室效果设计。 |
| ● |
| 相关链接 |
|
|
|
|
正题名:中文版3ds Max室内效果图设计经典案例
索取号:TU238.2-39/853
 
预约/预借
| 序号 | 登录号 | 条形码 | 馆藏地/架位号 | 状态 | 备注 |
| 1 | 906763 | 209067631 | 第二样本阅览室/ [索取号:TU238.2-39/853] | 在馆 | |
| 2 | 906764 | 209067640 | 第三借阅区/ [索取号:TU238.2-39/853] | 在馆 | |
| 3 | 906765 | 209067659 | 第三借阅区/ [索取号:TU238.2-39/853] | 在馆 | |
| 4 | 906766 | 209067668 | 第三借阅区/ [索取号:TU238.2-39/853] | 在馆 | |
| 5 | 906767 | 209067677 | 第三借阅区/ [索取号:TU238.2-39/853] | 在馆 |